000 00503cam a2200145 4500500
005 20251116013548.0
041 _afre
042 _adc
100 1 0 _aBlanc-Brude, Gilles
_eauthor
245 0 0 _aPages de fin
260 _c2025.
500 _a33
786 0 _nRevue philosophique de la France et de l'étranger | 254 | 4 | 2025-10-31 | p. 595-604 | 0035-3833
856 4 1 _uhttps://shs.cairn.info/revue-revue-philosophique-de-la-france-et-de-letranger-2025-4-page-595?lang=fr&redirect-ssocas=7080
999 _c1563555
_d1563555